| 000 | 00711nam a2200229 u 4500 | ||
|---|---|---|---|
| 005 | 20240831063716.0 | ||
| 008 | 080613s2003 r 000 0 eng d | ||
| 020 | _a8426350194 | ||
| 035 | _aUPN01000156859 | ||
| 049 | _aI | ||
| 050 | 4 |
_aPZ74.9 _bL6.6 |
|
| 100 | 1 |
_aLópez Narváez, Concha, _d1939- _930990 |
|
| 245 | 1 | 3 |
_aEl príncipe y el espejo / _cConcha López Narváez, Rafael Salmerón. |
| 260 |
_aZaragoza, Esp. : _bEdelvives, _c2003. |
||
| 300 |
_a47 p. : _bil. col. |
||
| 440 | 0 |
_aAla delta. _pRoja ; _v13 |
|
| 650 | 4 |
_aCuentos infantiles españoles _97725 |
|
| 650 | 4 |
_aPRINCIPES - _vLITERATURA INFANTIL _911346 |
|
| 700 | 1 |
_aSalmerón, Rafael, _d1972- |
|
| 905 | _aInfantil | ||
| 999 |
_c128973 _d128973 |
||